000 00605nam a2200241Ia 4500
003 OSt
005 20221005095747.0
006 a|||||r|||| 00| 0
007 ta
008 221004b |||||||| |||| 00| 0 hin d
024 _a23883
037 _cTextual
040 _aCRL
_cCRL
_bhin
041 _2hin
_ahin
082 _aR65,6, (N8)
100 _aAurobindo
245 0 _aMessage of The Gita
260 _aPondicherry
_bAll India Books India
_c1998
300 _a23p.
_ccm.
650 _aBHAGAVAD GITA
942 _hR65,6, (N8)
_cTEXL
_2cc
999 _c1004084
_d1004084